000 01631aab a2200253 i 4500
001 768714001
003 CO-MdFUSB
005 20240808101158.0
008 240808t1999 -us||||| |||| 00| 0 eng d
040 _bspa
_cCO-MdFUSB
041 _aeng
100 1 _aDovlo, Elom
_eautor
245 4 _aThe northern outreach program of the presbyterian church of Ghana
_b/ Elom Dovlo y SS Sule-Saa
520 _aGhana está formada por tres de las diez regiones políticas del Estado moderno. El sur de Ghana constituye las siete regiones restantes. "Las duras condiciones climáticas y económicas del norte han provocado la afluencia de norteños al sur de Ghana en busca de oportunidades de trabajo. El Comité del Islam del Consejo Cristiano de Ghana llamó la atención sobre este hecho en 1975. Según James Anquandah, "en 1975, el Comité hizo un llamamiento para alertar a las congregaciones urbanas sobre el movimiento masivo de norteños hacia las ciudades y pueblos del sur de Ghana y las instó a ampliar sus ministerios de la forma más imaginativa y audaz posible para dar cabida a los cristianos y no cristianos del norte en sus zonas de interés para no perderlos ante el Islam".
546 _aTexto en inglés.
650 0 _aEvangelización
_9362
650 7 _aAntropología cultural y social
_96714
650 0 _aCristianismo y otras religiones
_91247
650 7 _aIglesia
_9655
700 _aSule-Saa, Solomon S.,
_eautor
773 0 _tInternational Bulletin
_049483
_961003
_gVolumen 23, (número 3, 1999), páginas: 112 - 116
_qpágina: 112
942 _cANA
945 _aCatherine Arias Álvarez - Practicante SENA
999 _c57305
_d57305